000 00623cam a2200205 4500
001 ABS63617
008 000000n2000 000 0 eng u
035 _a(Sirsi) u111853
245 _aExport confusion
260 _c2000
490 _aTaxation
_v14 December 2000, 302-303(2)
520 _aWhat are the anomalies in the rules relating to agency sales and exports and imports? Cited in Art Surveyor April 2001.
650 _aVALUE ADDED TAX
650 _aArts and antiques
_96217
650 _aWORKS OF ART
650 _aVALUED ADDED TAX ACT 1994 S47(2A
650 _aEXPORTS
690 _aTAXATION
942 _n0
999 _c66660
_d66660